000 01460cam a2200385 a 4500
001 16256583
005 20210414114225.0
008 100528s2011 nyuab b 001 0 eng
010 _a 2010022683
015 _aGBB085793
_2bnb
016 7 _a015605351
_2Uk
020 _a9780073375908 (alk. paper)
020 _a007337590X (alk. paper)
020 _a9780071220682 (pbk.)
020 _a0071220682 (pbk.)
035 _a(OCoLC)ocn496956090
040 _aDLC
_cDLC
_dBTCTA
_dC#P
_dUKM
_dYDXCP
_dBWX
_dDLC
050 0 0 _aHG221
_b.C386
082 0 0 _a332
_222
100 1 _aCecchetti, Stephen G.
_q(Stephen Giovanni)
245 1 0 _aMoney, banking, and financial markets. /
_cStephen G. Cecchetti, Kermit L. Schoenholtz.
250 _a3rd ed.
260 _aNew York :
_bMcGraw-Hill/Irwin,
_c2011.
300 _a1 v. (various pagings).;
_bill.: (chiefly col.)
_c27 cm.
504 _aIncludes bibliographical references and index.
505 _aContents: Money and the financial system -- Interest rates, financial markets -- Financial institutions -- Central banks, monetary policy and financial -- Modern monetary economics.
650 0 _aMoney.
650 0 _aBanks and banking.
650 0 _aFinance.
650 0 _aCapital market.
700 1 _aSchoenholtz, Kermit L.
906 _a7
_bcbc
_corignew
_d1
_eecip
_f20
_gy-gencatlg
942 _2lcc
_cBK
999 _c2994
_d10494